000 00697nam a22002411c 4500
001 a987675141
008 151210s2012 gw |||| 000u rus d
020 _a9785722802200
_9978-5-7228-0220-0
041 _arus
245 0 0 _aOberfjurer SA Villi Redel' :
_bdokumenty iz archivov FSB Rossii
264 _aMoskva :
_bIzd. Glavnogo archivnogo upravlenija goroda Moskvy,
_c2012
300 _a120 S.
600 0 _aRoedel, Willy
650 0 _aGeheimdienst
650 0 _a
651 0 _aRussland
651 0 _aDeutschland
700 1 _aChristoforov, Vasilij Stepanovič
_eHerausgeberIn
700 1 _aMakarov, V. G.
_eHerausgeberIn
942 _cMG
040 _cRU-10907106
003 RU-10907106
999 _c33170
_d33170